| 000 | 01035cam a2200313 i 4500 | ||
|---|---|---|---|
| 001 | 15041891 | ||
| 003 | EG-ScBUE | ||
| 005 | 20241029095558.0 | ||
| 008 | 071012t2008 njua f b 001 0 eng d | ||
| 020 | _a9780132397285 | ||
| 020 | _a0132397285 | ||
| 035 | _a(OCoLC)ocn137288807 | ||
| 040 |
_aTXA _beng _erda _cTXA _dYDXCP _dBAKER _dIXA _dDLC _dEG-ScBUE |
||
| 082 | 0 | 4 |
_a518 _222 _bFAU |
| 100 | 1 |
_aFausett, Laurene V., _eauthor. |
|
| 245 | 1 | 0 |
_aApplied numerical analysis using MATLAB / _cLaurene V. Fausett, Texas A&M University-Commerce. |
| 250 | _aSecond edition. | ||
| 264 | 1 |
_aUpper Saddle River, NJ : _bPearson Prentice Hall, _c[2008] |
|
| 264 | 4 | _cc2008 | |
| 300 |
_axiii, 673 pages : _billustrations ; _c25 cm |
||
| 336 |
_2rdacontent _atext _btxt |
||
| 337 |
_aunmediated _2rdamedia _bn |
||
| 338 |
_avolume _bnc _2rdacarrier |
||
| 504 | _aIncludes bibliographical references and index. | ||
| 630 | 0 | 7 |
_aMATLAB. _2BUEsh |
| 650 | 7 |
_aNumerical analysis _xData processing. _2BUEsh |
|
| 655 | _vReading book | ||
| 942 |
_2ddc _cBB |
||
| 999 |
_c11014 _d11014 |
||